Titres de livres à compléter - Statistiques

Statistiques générales
  • Ce quiz a été pris 1 239 fois
    1 203 depuis la dernière actualisation
  • Le résultat moyen est 18 sur 50
Statistiques - réponses
Mots Livres Auteurs % Correct
Pluie Après la __________ le beau temps Comtesse de Ségur
93%
Autant __________ en emporte le vent Margaret Mitchell
84%
Bonheur Au ___________ des dames Emile Zola
81%
Mort Jusqu'à ce que la ________ nous unisse Karine Giébel
80%
Chat Les contes du __________ perché Marcel Aymé
75%
Ferme La _________ des animaux George Orwell
74%
Suif Boule de _________ Guy de Maupassant
71%
Précieuses Les ___________ ridicules Molière
70%
Oncle La case de l'_________ Tom Harriet Beecher Stowe
68%
Ecume L'__________ des jours Boris Vian
66%
Mouches Sa majesté des ___________ William Golding
64%
Chartreuse La _________ de Parme Stendhal
62%
Candide _________ ou l'Optimisme Voltaire
61%
Amour Le jeu d l'___________ et du hasard Marivaux
60%
Sources Manon des __________ Marcel Pagnol
60%
Baskerville Le chien des ______________ Arthur Conan Doyle
59%
Demain __________ j'arrête ! Gilles Legardinier
49%
Fille La petite _________ de Monsieur Linh Philippe Claudel
47%
Discours _________ de la méthode René Descartes
46%
Oiseaux Les __________ se cachent pour mourir Colleen McCullough
46%
Vadis Quo _________ ? Henryk Sienkiewicz
45%
Pourquoi ___________ j'ai tué mon père Roy Lewis
43%
Finn Les Aventures de Huckleberry __________ Mark Twain
41%
Docteur Le __________ Jivago Boris Pasternak
40%
Solitude Cent ans de __________ Gabriel García Márquez
39%
Hussard Le ___________ sur le toit Jean Giono
37%
Indien Les Fabuleuses Aventures d'un ___________ malchanceux qui devint milliardaire Vikas Swarup
37%
Kaboul Les cerfs-volants de ___________ Khaled Hosseini
30%
Claudine ___________ à l'école Colette
20%
Meurtrier L'été __________ Sébastien Japrisot
20%
Carte La ________ et le territoire Michel Houellebecq
19%
Nourritures Les ___________ terrestres André Gide
16%
Certain Un _________ goût pour la mort P.D.James
15%
Week-end _____-______ à Zuydcoote Robert Merle
14%
Constant L'importance d'être __________ Oscar Wilde
13%
Intestin Le charme discret de l'___________ Giulia Enders
13%
Imbéciles La conjuration des ____________ John Kennedy Toole
12%
Esprits La maison aux ___________ Isabel Allende
10%
Lisait Le chat qui _________ à l'envers Lilian Jackson Braun
10%
Sophie Le monde de ___________ Jostein Gaarder
10%
Analphabète L'___________ qui savait compter Jonas Jonasson
9%
Lièvre Le ___________ de Vatanen Arto Paasilinna
8%
Neptune Sous les vents de ___________ Fred Vargas
7%
Cornichons Des ____________ au chocolat Philippe Labro
4%
Orange L'__________ de Noël Michel Peyramaure
3%
Seigneur Le ____________ des porcheries Tristan Egolf
3%
Cendres Un goût de __________ Elizabeth George
2%
Détective Mma Ramotswe ___________ Alexander McCall Smith
2%
Veuve Une __________ de papier John Irving
2%
Tigres Là où les ___________ sont chez eux Jean-Marie Blas de Roblès
1%
Aucun quiz correspondant
Distribution des résultats
% des personnes avec chaque résultat
Percentile par nombre de réponses
Votre historique - résultats
Vous n’avez pas pris ce quiz depuis la dernière actualisation